LEADER 00765nam0-22002651i-450- 001 990000069880403321 035 $a000006988 035 $aFED01000006988 035 $a(Aleph)000006988FED01 035 $a000006988 100 $a20011111d--------km-y0itay50------ba 101 0 $aita 105 $ay-------001yy 200 1 $aEXPERIENCES d'artillerie$eexecutées à Lorient à l'aide des pendules balistiques par ordre du ministre de la marine. 210 $aParis$cImprimerie royale$d1847 215 $aXII, 120 p., 1 tav.$cill.$d28 cm 610 0 $aBalistica 676 $a623.51 801 0$aIT$bUNINA$gRICA$2UNIMARC 901 $aBK 912 $a990000069880403321 952 $a13 AR 29 B 52$b1972$fFINBC 959 $aFINBC 997 $aUNINA DB $aING01 LEADER 01490oam 2200265z- 450 001 9910151604103321 035 $a(CKB)3710000000951799 035 $a(VLeBooks)9781783017805 035 $a(Exl-AI)993710000000951799 035 $a(EXLCZ)993710000000951799 100 $a20190224c2015uuuu -u- - 101 0 $aeng 200 $aCoralena 210 $cNewton 311 08$a1-78301-780-5 330 $aWhat the parents run from, the children seek out.It's Germany, 1972. A young woman, Sophia, awakes in her new apartment. She is leaving her past, with all its troubles and traumas behind. Life seems full of possibility. At work her boss has given her new responsibilities; here, Dieter appears as interested in her as she is in him; untouched since the war the flat, like her life, seems ripe for renewal. She awakes, full of these promises, and looking across the room sees written in the morning condensation on the inside window one word - RAGE.'A novel of high drama and suspense... Mail holds the reader on a knife-edge.' Sunday Express'A well-constructed narrative, paced to perfection... Mail is not just a master of pace, he has an eye for telling detail.' Sunday Telegraph 606 $aSuspense fiction$7Generated by AI 606 $aPsychological aspects$7Generated by AI 615 0$aSuspense fiction 615 0$aPsychological aspects 700 $aMail$b Michael$01744658 906 $aBOOK 912 $a9910151604103321 996 $aCoralena$94175092 997 $aUNINA